| 000 | 00000nam##2200000za#4500 |
| 001 | 9.602701 |
| 003 | CaOODSP |
| 005 | 20210624210713 |
| 007 | cr ||||||||||| |
| 008 | 150406|1998||||xxc|||||o f|0| 0 fre|d |
| 040 | |aCaOODSP|bfre |
| 043 | |an-cn--- |
| 086 | 1 |aF21-6/1998-6F-PDF |
| 110 | 1 |aCanada.|bMinistère des finances.|bGroupe de travail sur l'avenir du secteur des services financiers canadien. |
| 245 | 10|aLes relations entre les banques et les entreprises au Canada : |h[ressource électronique]|ble point de vue des chefs de la direction financière / |cpar le Conference Board du Canada. |
| 260 | |aOttawa - Ontario : |bFinances Canada. |cSeptembre 1998. |
| 300 | |a55p.|bgraphiques, tableaux |
| 490 | 1 |aDocument de recherche préparé pour le Groupe de travail sur l'avenir du secteur des services financiers canadien |
| 500 | |aLe n° de catalogue (BT22-61/3-1998F-6) copié dans cette édition PDF est incorrect. L'ISBN (0-662-83156-X) de l'édition imprimée a été incorrectement copié dans l'édition électronique. |
| 590 | |a11-29-Supp|b2011-11-25 |
| 691 | 07|aOpération bancaire|2gcpds |
| 710 | 2 |aConference Board du Canada. |
| 775 | 08|tCorporate banking relationships in Canada : |w(CaOODSP)9.572324 |
| 776 | 0#|tLes relations entre les banques et les entreprises au Canada : |w(CaOODSP)9.624851 |
| 830 | #0|aDocument de recherche préparé pour le Groupe de travail sur l'avenir du secteur des services financiers canadien.|w(CaOODSP)9.503148 |
| 856 | 40|ahttp://publications.gc.ca|qPDF|s219 Ko|uhttps://publications.gc.ca/collections/Collection/F21-6-1998-6F.pdf |